Vrátiť Martinu kultúrnu slávu Delegát na mimoriadny zjazd KSS - dr. Miroslav Bielik

Bibliographic Details
Main Authors: Bielik, Miroslav, 1949-2021 (Author), Babín, Emil, 1960- (Author)
Format: Article
Language:Slovak
Subjects:

MARC

LEADER 00000nab a2200000 a 4500
001 vtls000365761
003 SK-MaSNL
005 20260304025507.0
008 111202c1989 xo 0 slo
015 |a SNBRB19rr/mm-uuuuu 
035 |a CL0365883 
040 |a SNKBUCL  |b slo  |c SNKBUCL  |e AACR2 
041 0 |a slo 
044 |a xo  |c SK 
080 |a 329.15(437.6)  |2 1981 
100 1 |a Bielik, Miroslav,  |d 1949-2021  |4 aut  |9 13236 
245 1 0 |a Vrátiť Martinu kultúrnu slávu  |b Delegát na mimoriadny zjazd KSS - dr. Miroslav Bielik  |c Miroslav Bielik, Emil Babín 
610 2 7 |a Matica slovenská  |2 snkbucl  |9 14662 
610 2 7 |a Komunistická strana Slovenska  |2 snkbucl  |9 30182 
651 7 |a Martin (Slovensko)  |2 snkbucl 
655 7 |a články z novín a časopisov  |2 snkbucl  |9 267496 
700 1 |a Babín, Emil,  |d 1960-  |4 aut  |9 28270 
773 0 |t Pravda  |g Roč. 70, č. 292 (12. 12. 1989), s. 4 
850 |a Slovenská národná knižnica v Martine  |a MTA001 
852 |a SNK  |b KIS3GCP 
958 |a RK 
992 |a RBX 
999 |c 2628021  |d 2629951